| 000 | 00660cas a22002055a 4500 | ||
|---|---|---|---|
| 001 | ##L113233 | ||
| 008 | 070514d20012004xxkqx p a eng u | ||
| 035 | _a(Sirsi) u113233 | ||
| 041 | 0 | _aeng | |
| 110 | 2 |
_aRoyal Institution of Chartered Surveyors _bResidential Property Faculty _94304 |
|
| 245 | 0 | 0 | _aResidential Newsletter |
| 260 |
_aLondon _bRICS _c2001-2004 |
||
| 362 | _aLondon: (1) February 2001- 4(1) May 2004 | ||
| 362 | 0 | _aEdinburgh: (1) February 2001- 4(1) May 2004 | |
| 554 | _aFour per year | ||
| 651 | 4 |
_aUnited Kingdom _y |
|
| 690 |
_aResidential property _96266 |
||
| 785 | 0 | 0 |
_tThe Journal _bRICS Residential Property Journal |
| 942 | _n0 | ||
| 999 |
_c118742 _d118742 |
||